SOCIAL MEDIA AND EDUCATION (Record no. 22105)

MARC details
000 -LEADER
fixed length control field 00293nam a22001337a 4500
003 - CONTROL NUMBER IDENTIFIER
control field SGT
020 ## - INTERNATIONAL STANDARD BOOK NUMBER
International Standard Book Number 978-93-313-2204-3
082 ## - DEWEY DECIMAL CLASSIFICATION NUMBER
Classification number 371.3
Item number JAN
100 ## - MAIN ENTRY--PERSONAL NAME
Personal name JANAKAVALLI, DR.C
245 ## - TITLE STATEMENT
Title SOCIAL MEDIA AND EDUCATION
260 ## - PUBLICATION, DISTRIBUTION, ETC. (IMPRINT)
Place of publication, distribution, etc INDIA
Name of publisher, distributor, etc APH PUB.
Year of Publication 2014
300 ## - PAGE DESCRIPTION
No. of Pages 258
942 ## - ADDED ENTRY ELEMENTS (KOHA)
Source of classification or shelving scheme Dewey Decimal Classification
Koha item type Books
Holdings
Withdrawn status Lost status Source of classification or shelving scheme Damaged status Not for loan Collection code Home library Current library Shelving location Date acquired Vendor Name Cost, normal purchase price SGTU Bill Number Full call number Accession No. (Barcode) Date last seen Bill Date Koha item type
    Dewey Decimal Classification     MASS COMMUNICATION SGT Science & Social Sciences Library SGT Science & Social Sciences Library Text Book 11/02/2022 VANIPRAKASHAN 795.00 SGTU GV390 371.3 JAN MC932 11/02/2022   Books
    Dewey Decimal Classification     MASS COMMUNICATION SGT Science & Social Sciences Library SGT Science & Social Sciences Library Text Book 11/02/2022 VANIPRAKASHAN 795.00 SGTU GV390 371.3 JAN MC933 11/02/2022   Books
    Dewey Decimal Classification     MASS COMMUNICATION SGT Science & Social Sciences Library SGT Science & Social Sciences Library Text Book 11/02/2022 VANIPRAKASHAN 795.00 SGTU GV390 371.3 JAN MC934 11/02/2022   Books